[Event "DVM U16 2017"]
[Site "Walldorf GER"]
[Date "2017.12.30"]
[Round "7"]
[White "Stepanski, Daniel"]
[Black "Berstler, Tobias"]
[Result "1-0"]
[Termination "normal"]
[Board "6.4"]
[WhiteElo "1320"]
[BlackElo "1616"]
[WhiteClock "00:13:09"]
[BlackClock "00:11:19"]
[WhiteTeam "SV 1947 Walldorf"]
[BlackTeam "SK Bingen"]
[PlyCount "65"]
[WhiteFideId "16247337"]
[BlackFideId "16242661"]
[EventCountry "GER"]
[EventRounds "7"]
[EventType "team-swiss"]
[EventDate "2017.12.26"]

1. d4 d5 2. c4 c6 3. Nc3 Nf6 4. Bg5 e6 5. Nf3 Nbd7 6. e3 Be7 7. cxd5 cxd5 8.
Bd3 O-O 9. O-O h6 10. Bh4 a6 11. Rc1 b6 12. Qe2 Bb7 13. Nd2 Ne8 14. Bxe7 Qxe7
15. f4 f5 16. Nf3 Nef6 17. Nh4 Kh7 18. a3 g5 19. fxg5 hxg5 20. Nf3 Ne4 21. Nd2
Ndf6 22. Rcd1 Nxc3 23. bxc3 Qxa3 24. Rc1 b5 25. Rc2 Ne4 26. Bxe4 dxe4 27. c4
bxc4 28. Nxc4 Qe7 29. Ne5 Rfc8 30. Qh5+ Kg7 31. Qg6+ Kf8 32. Rcf2 Qg7 33. Qxe6
1-0

[Event "DVM U16 2017"]
[Site "Walldorf GER"]
[Date "2017.12.30"]
[Round "7"]
[White "Runte, Moritz"]
[Black "Jakob, Georg"]
[Result "1-0"]
[Termination "normal"]
[Board "7.1"]
[WhiteElo "1978"]
[BlackElo "1959"]
[WhiteClock "00:29:20"]
[BlackClock "00:28:27"]
[WhiteTeam "SV Hemer"]
[BlackTeam "SG Königskinder Hohentübingen"]
[PlyCount "67"]
[WhiteFideId "12991449"]
[BlackFideId "16224221"]
[EventCountry "GER"]
[EventRounds "7"]
[EventType "team-swiss"]
[EventDate "2017.12.26"]

1. e4 c5 2. Nf3 e6 3. c4 a6 4. Nc3 Qc7 5. d4 cxd4 6. Nxd4 Nf6 7. Be3 b6 8. Be2
Bb7 9. f3 d6 10. Rc1 Nbd7 11. O-O Be7 12. b3 O-O 13. Qe1 Rac8 14. Qf2 Bd8 15.
Rfd1 Qb8 16. Qg3 Bc7 17. Qh3 Rcd8 18. Bg5 h6 19. Bh4 g5 20. Bg3 Kg7 21. Nd5 Rh8
22. Nxc7 Qxc7 23. Bxd6 Qc8 24. e5 Nh7 25. f4 Be4 26. f5 Bxf5 27. Nxf5+ exf5 28.
Qxf5 Nc5 29. Qf3 Rhe8 30. Bd3 Rd7 31. Bf5 Ne6 32. Qd3 Qc6 33. Be4 Rxd6 34. Bxc6
1-0

[Event "DVM U16 2017"]
[Site "Walldorf GER"]
[Date "2017.12.30"]
[Round "7"]
[White "Hurm, Moritz"]
[Black "Leonard, Timo"]
[Result "1/2-1/2"]
[Termination "normal"]
[Board "7.2"]
[WhiteElo "1690"]
[BlackElo "1762"]
[WhiteClock "00:44:58"]
[BlackClock "00:25:56"]
[WhiteTeam "SG Königskinder Hohentübingen"]
[BlackTeam "SV Hemer"]
[PlyCount "102"]
[WhiteFideId "16235150"]
[BlackFideId "16208757"]
[EventCountry "GER"]
[EventRounds "7"]
[EventType "team-swiss"]
[EventDate "2017.12.26"]

1. e4 e6 2. d4 d5 3. Nc3 Bb4 4. e5 c5 5. a3 Bxc3+ 6. bxc3 Qa5 7. Bd2 Qa4 8. Qb1
c4 9. Nf3 Nc6 10. h4 Nge7 11. h5 h6 12. Be2 b6 13. Nh2 Bd7 14. Bg4 O-O-O 15.
Nf1 f6 16. f4 f5 17. Bf3 Rdg8 18. Ne3 g5 19. hxg6 Rxg6 20. Kf2 Rgg8 21. Rh3 Ng6
22. Nxd5 exd5 23. Bxd5 Rg7 24. Qa2 Na5 25. Rb1 Be8 26. Rb4 Qd7 27. Bxc4 Nxc4
28. Qxc4+ Kb8 29. Qd3 Ne7 30. Rb1 Qb7 31. g3 Bc6 32. c4 Be4 33. Qc3 h5 34. Rg1
Rgh7 35. Rh4 Ng6 36. d5 Nxh4 37. gxh4 Rg7 38. e6 Rhg8 39. Qe5+ Ka8 40. e7 Rxg1
41. e8=Q+ Rxe8 42. Qxe8+ Qb8 43. Qxb8+ Kxb8 44. Kxg1 Bxc2 45. Be3 Bb3 46. c5
bxc5 47. Bxc5 Bxd5 48. Kf2 a6 49. Ke3 Kc7 50. Kd4 Kc6 51. Bf8 Bf3 1/2-1/2

[Event "DVM U16 2017"]
[Site "Walldorf GER"]
[Date "2017.12.30"]
[Round "7"]
[White "Mai, Artur"]
[Black "Hurm, Yannik"]
[Result "0-1"]
[Termination "normal"]
[Board "7.3"]
[WhiteElo "1578"]
[BlackElo "1646"]
[WhiteClock "00:01:05"]
[BlackClock "00:03:28"]
[WhiteTeam "SV Hemer"]
[BlackTeam "SG Königskinder Hohentübingen"]
[PlyCount "74"]
[WhiteFideId "16206851"]
[BlackFideId "16235169"]
[EventCountry "GER"]
[EventRounds "7"]
[EventType "team-swiss"]
[EventDate "2017.12.26"]

1. e4 c5 2. Be2 Qc7 3. d3 Nc6 4. f4 d6 5. Nf3 g6 6. O-O f5 7. c3 Nf6 8. exf5
Bxf5 9. Qb3 Na5 10. Qa4+ Bd7 11. Qc2 Bg7 12. d4 O-O 13. dxc5 Qxc5+ 14. Kh1 Qb6
15. Nbd2 Ng4 16. Ne4 Ne3 17. Bxe3 Qxe3 18. g3 d5 19. Qd2 Qxe4 20. Bd3 Qe6 21.
Rae1 Qd6 22. Re2 Bg4 23. Qc2 Kh8 24. Ref2 Nc6 25. Nh4 Rf6 26. f5 gxf5 27. Nxf5
Bxf5 28. Bxf5 Rh6 29. Rg1 Be5 30. Rfg2 Rg8 31. Qf2 Rf8 32. Qc2 e6 33. Bg4 Rg8
34. Qd2 Rgg6 35. Rf1 Bxg3 36. Rxg3 Qxg3 37. Rf8+ Kg7 0-1

[Event "DVM U16 2017"]
[Site "Walldorf GER"]
[Date "2017.12.30"]
[Round "7"]
[White "Aptyka, Tim"]
[Black "Naumenko, Valerija"]
[Result "0-1"]
[Termination "normal"]
[Board "7.4"]
[WhiteElo "1530"]
[BlackElo "1493"]
[WhiteClock "00:09:41"]
[BlackClock "00:07:52"]
[WhiteTeam "SG Königskinder Hohentübingen"]
[BlackTeam "SV Hemer"]
[PlyCount "52"]
[WhiteFideId "16255860"]
[BlackFideId "16222890"]
[EventCountry "GER"]
[EventRounds "7"]
[EventType "team-swiss"]
[EventDate "2017.12.26"]

1. e4 e5 2. f4 d5 3. exd5 exf4 4. Nf3 Nf6 5. c4 c6 6. dxc6 Nxc6 7. d4 Bd6 8.
Nc3 Bb8 9. Be2 O-O 10. O-O Bg4 11. Kh1 Qd7 12. b3 Rd8 13. d5 Ne7 14. Qc2 Bf5
15. Bd3 Re8 16. Ba3 Bxd3 17. Qxd3 Nf5 18. Rfe1 Ne3 19. Ng5 Qg4 20. Rg1 Qxg5 21.
d6 Nfg4 22. Qd2 Rd8 23. d7 Qh4 24. g3 fxg3 25. Ne4 Nf2+ 26. Nxf2 Qxh2# 0-1

[Event "DVM U16 2017"]
[Site "Walldorf GER"]
[Date "2017.12.30"]
[Round "7"]
[White "Schäfer, Nicolas"]
[Black "Jahn, Felix"]
[Result "0-1"]
[Termination "normal"]
[Board "8.1"]
[WhiteElo "1668"]
[BlackElo "1648"]
[WhiteClock "00:13:22"]
[BlackClock "01:02:13"]
[WhiteTeam "SVG Saarbrücken"]
[BlackTeam "BSG Grün-Weiß Leipzig"]
[PlyCount "66"]
[WhiteFideId "12988901"]
[BlackFideId "12983632"]
[EventCountry "GER"]
[EventRounds "7"]
[EventType "team-swiss"]
[EventDate "2017.12.26"]

1. Nf3 c5 2. c4 Nc6 3. d4 cxd4 4. Nxd4 Nf6 5. Nc3 d6 6. e4 g6 7. Be2 Bg7 8. Be3
Bd7 9. O-O O-O 10. f3 Rc8 11. Qd2 a6 12. Rac1 Qc7 13. Nb3 Rfd8 14. Nd5 Qb8 15.
Nb6 Rc7 16. Rc2 Be6 17. Rfc1 Nd7 18. Nd5 Rcc8 19. Nf4 Nc5 20. Qe1 b6 21. Nd2
Nb4 22. Rc3 Nxa2 23. Nd5 Bxd5 24. cxd5 Nxc3 25. bxc3 b5 26. Qh4 Rd7 27. f4 Na4
28. Bg4 Rdc7 29. Bxc8 Qxc8 30. Nb1 Nxc3 31. Nxc3 Rxc3 32. Rxc3 Qxc3 33. Qg3 b4
0-1

[Event "DVM U16 2017"]
[Site "Walldorf GER"]
[Date "2017.12.30"]
[Round "7"]
[White "Reichelt, Marius"]
[Black "Jenner, Meikel"]
[Result "1/2-1/2"]
[Termination "normal"]
[Board "8.2"]
[WhiteElo "1536"]
[BlackElo "1592"]
[WhiteClock "00:18:29"]
[BlackClock "01:13:51"]
[WhiteTeam "BSG Grün-Weiß Leipzig"]
[BlackTeam "SVG Saarbrücken"]
[PlyCount "96"]
[WhiteFideId "16224019"]
[BlackFideId "16245342"]
[EventCountry "GER"]
[EventRounds "7"]
[EventType "team-swiss"]
[EventDate "2017.12.26"]

1. e4 e5 2. Nf3 Nc6 3. Bb5 a6 4. Bxc6 dxc6 5. O-O Bg4 6. d3 Nf6 7. h3 Bxf3 8.
Qxf3 Be7 9. Qg3 Qd6 10. Nd2 Qe6 11. Nc4 Bd6 12. Be3 O-O-O 13. Rad1 Rdg8 14. a3
g5 15. f3 h5 16. Qf2 Nd7 17. Nxd6+ cxd6 18. d4 f6 19. d5 cxd5 20. Rxd5 g4 21.
h4 f5 22. Bg5 Nf6 23. Bxf6 Qxf6 24. fxg4 f4 25. g5 Qe6 26. Rfd1 Rd8 27. Qd2 Kc7
28. Qc3+ Kb8 29. Qd3 Kc7 30. c4 Rd7 31. c5 Rhd8 32. cxd6+ Kb8 33. Qf3 Rxd6 34.
Rxd6 Rxd6 35. Qxh5 Rc6 36. Qe2 Qb3 37. h5 Rc2 38. Qf3 Qb6+ 39. Kh2 Rxb2 40. h6
Qg6 41. Qh3 Qxe4 42. h7 Rxg2+ 43. Qxg2 Qxh7+ 44. Kg1 e4 45. Qh2 Qf5 46. Qh8+
Ka7 47. Qd4+ Kb8 48. Qd8+ Ka7 1/2-1/2

[Event "DVM U16 2017"]
[Site "Walldorf GER"]
[Date "2017.12.30"]
[Round "7"]
[White "Zha, Kevin"]
[Black "Kannengießer, Louis"]
[Result "1-0"]
[Termination "normal"]
[Board "8.3"]
[WhiteElo "1516"]
[BlackElo "1556"]
[WhiteClock "00:42:27"]
[BlackClock "00:01:40"]
[WhiteTeam "SVG Saarbrücken"]
[BlackTeam "BSG Grün-Weiß Leipzig"]
[PlyCount "117"]
[WhiteFideId "16208951"]
[BlackFideId "16206800"]
[EventCountry "GER"]
[EventRounds "7"]
[EventType "team-swiss"]
[EventDate "2017.12.26"]

1. e4 e5 2. Nf3 Nc6 3. d4 exd4 4. Nxd4 Bc5 5. Be3 Qf6 6. c3 Nge7 7. g3 d6 8.
Bg2 Ne5 9. h3 Bd7 10. O-O Nc4 11. Bc1 O-O 12. b3 Ne5 13. Na3 a6 14. Nac2 N7c6
15. f4 Ng6 16. Be3 Rfe8 17. Bf2 Nxd4 18. cxd4 Bb6 19. Qd2 Bb5 20. Rfe1 Bc6 21.
Rac1 Rad8 22. Na3 h6 23. Nc4 Ba7 24. Na5 Ne7 25. Nxc6 bxc6 26. Qe2 a5 27. e5
dxe5 28. dxe5 Bxf2+ 29. Qxf2 Qe6 30. Qa7 Nd5 31. Qxa5 Ra8 32. Qd2 Ra7 33. Rc2
Rc8 34. Rec1 Ra6 35. Kh2 Ne7 36. Qd3 Rb6 37. Be4 Kh8 38. Rc5 Ra8 39. R1c2 Raa6
40. Qd8+ Ng8 41. f5 Qe7 42. Qd4 Qe8 43. Qc4 Ne7 44. f6 gxf6 45. exf6 Nd5 46.
Bxd5 cxd5 47. Qxd5 Rxf6 48. Rxc7 Rae6 49. Rc8 Rf2+ 50. Rxf2 Qxc8 51. Qd4+ Kg8
52. Qg4+ Kf8 53. Re2 Qa6 54. Rxe6 fxe6 55. Qb4+ Kf7 56. Qd2 e5 57. g4 Qc6 58.
Qe2 Ke6 59. Qc4+ 1-0

[Event "DVM U16 2017"]
[Site "Walldorf GER"]
[Date "2017.12.30"]
[Round "7"]
[White "Westphal, Simon"]
[Black "Schmied, Elias"]
[Result "1/2-1/2"]
[Termination "normal"]
[Board "8.4"]
[WhiteElo "1426"]
[BlackElo "1475"]
[WhiteClock "00:31:26"]
[BlackClock "00:17:02"]
[WhiteTeam "BSG Grün-Weiß Leipzig"]
[BlackTeam "SVG Saarbrücken"]
[PlyCount "103"]
[WhiteFideId "16255917"]
[BlackFideId "16255879"]
[EventCountry "GER"]
[EventRounds "7"]
[EventType "team-swiss"]
[EventDate "2017.12.26"]

1. e4 e6 2. d4 d5 3. exd5 exd5 4. Bd3 Bd6 5. Nf3 Nf6 6. O-O O-O 7. Bg5 Bg4 8.
h3 Bh5 9. Nbd2 Nbd7 10. Re1 c6 11. c3 Qc7 12. Qc2 Rfe8 13. Rac1 Bg6 14. Bxg6
hxg6 15. Nf1 Bf4 16. Bxf4 Qxf4 17. Ng3 Ne4 18. Nxe4 Rxe4 19. Qd2 Qxd2 20. Nxd2
Ree8 21. Kf1 Kf8 22. Nb3 b6 23. Rxe8+ Rxe8 24. Re1 Rxe1+ 25. Kxe1 Ke7 26. Ke2
Ke6 27. Ke3 Kf5 28. Nd2 g5 29. f3 Nf8 30. Nb3 Ne6 31. g3 g6 32. Nc1 c5 33. Ne2
c4 34. Ng1 Nf8 35. Ke2 Nd7 36. Kf2 b5 37. Ke2 Nb6 38. Kd2 Na4 39. Kc2 Ke6 40.
g4 f5 41. Ne2 fxg4 42. hxg4 a6 43. Kc1 Kf6 44. Kc2 a5 45. a3 Nb6 46. Kd2 Nd7
47. Kc2 Nf8 48. Kd2 Ne6 49. Ke3 a4 50. Kf2 Nf4 51. Nxf4 gxf4 52. Kg2 1/2-1/2

[Event "DVM U16 2017"]
[Site "Walldorf GER"]
[Date "2017.12.30"]
[Round "7"]
[White "Biermann, Florian"]
[Black "Mühlpfordt, Thomas"]
[Result "1-0"]
[Termination "normal"]
[Board "9.1"]
[WhiteElo "1945"]
[BlackElo "1951"]
[WhiteTeam "SG Bochum"]
[BlackTeam "SC 1997 Lambsheim"]
[PlyCount "71"]
[WhiteFideId "12970069"]
[BlackFideId "12986623"]
[EventCountry "GER"]
[EventRounds "7"]
[EventType "team-swiss"]
[EventDate "2017.12.26"]

1. g3 d5 2. Nf3 Nf6 3. Bg2 c5 4. d3 Nc6 5. O-O e6 6. Nbd2 Bd6 7. e4 O-O 8. Re1
Qc7 9. Qe2 dxe4 10. dxe4 e5 11. c3 Rd8 12. Nc4 Bg4 13. Bg5 Be7 14. Ne3 Bxf3 15.
Bxf3 h6 16. Bxf6 Bxf6 17. Nd5 Qd6 18. Rad1 Ne7 19. Ne3 Qb6 20. Qc4 g6 21. h4 h5
22. Kg2 Kg7 23. Rxd8 Rxd8 24. Bd1 a6 25. Bb3 Rf8 26. a4 Qc6 27. a5 Qb5 28. Rd1
Qxc4 29. Nxc4 Nc6 30. Rd7 Bd8 31. Nd6 Nxa5 32. Bxf7 Kh6 33. Bd5 Bb6 34. Nf7+
Kg7 35. Ng5+ Kf6 36. Nh7# 1-0

[Event "DVM U16 2017"]
[Site "Walldorf GER"]
[Date "2017.12.30"]
[Round "7"]
[White "Wacker, Andreas"]
[Black "Biermann, Lenhard"]
[Result "1/2-1/2"]
[Termination "normal"]
[Board "9.2"]
[WhiteElo "1823"]
[BlackElo "1941"]
[WhiteTeam "SC 1997 Lambsheim"]
[BlackTeam "SG Bochum"]
[PlyCount "46"]
[WhiteFideId "12953083"]
[BlackFideId "12970077"]
[EventCountry "GER"]
[EventRounds "7"]
[EventType "team-swiss"]
[EventDate "2017.12.26"]

1. e4 e6 2. d3 d5 3. Nd2 c5 4. Ngf3 Nc6 5. g3 Nge7 6. Bg2 g6 7. O-O Bg7 8. Re1
b6 9. Nf1 Bb7 10. h4 h6 11. c3 a5 12. a4 Ra7 13. e5 Bc8 14. Bf4 Nf5 15. N1h2
Ba6 16. Qc2 Rb7 17. b3 Rd7 18. Rad1 Bb7 19. Ng4 d4 20. c4 Qa8 21. Qe2 Nce7 22.
Ngh2 Rd8 23. Nf1 Kd7 1/2-1/2

[Event "DVM U16 2017"]
[Site "Walldorf GER"]
[Date "2017.12.30"]
[Round "7"]
[White "Gluma, Christian"]
[Black "Dalchow, Jonas"]
[Result "1/2-1/2"]
[Termination "normal"]
[Board "9.3"]
[WhiteElo "1623"]
[BlackElo "1758"]
[WhiteTeam "SG Bochum"]
[BlackTeam "SC 1997 Lambsheim"]
[PlyCount "68"]
[WhiteFideId "16223209"]
[BlackFideId "12971251"]
[EventCountry "GER"]
[EventRounds "7"]
[EventType "team-swiss"]
[EventDate "2017.12.26"]

1. e4 c6 2. Nf3 d5 3. exd5 cxd5 4. Ne5 Nf6 5. d4 g6 6. c3 Bg7 7. Bb5+ Nbd7 8.
Qb3 O-O 9. Nf3 Nb6 10. Bf4 Ne4 11. O-O Bd7 12. Nbd2 Bxb5 13. Qxb5 Nd6 14. Qe2
Ndc4 15. Nxc4 Nxc4 16. Ne5 Nxe5 17. Bxe5 Bh6 18. Qb5 b6 19. Rfe1 e6 20. Rad1
Qe8 21. Qd3 Qa4 22. Qf3 Bg7 23. a3 Qc2 24. Qe2 Qxe2 25. Rxe2 Bh6 26. Kf1 Rfc8
27. Rc2 Rc6 28. Ke2 Rac8 29. Kd3 b5 30. g3 Kf8 31. Bf6 Ke8 32. f4 a5 33. Rdc1
Bf8 34. h4 h5 1/2-1/2

[Event "DVM U16 2017"]
[Site "Walldorf GER"]
[Date "2017.12.30"]
[Round "7"]
[White "Dalchow, Mario"]
[Black "Gerzen, Robin"]
[Result "1-0"]
[Termination "normal"]
[Board "9.4"]
[WhiteElo "1619"]
[BlackElo "1660"]
[WhiteTeam "SC 1997 Lambsheim"]
[BlackTeam "SG Bochum"]
[PlyCount "67"]
[WhiteFideId "12971421"]
[BlackFideId "16206819"]
[EventCountry "GER"]
[EventRounds "7"]
[EventType "team-swiss"]
[EventDate "2017.12.26"]

1. e4 e6 2. d4 b6 3. Bd3 Bb7 4. Qe2 c5 5. c3 cxd4 6. cxd4 Nc6 7. Nf3 Nf6 8. O-O
Be7 9. Bg5 h6 10. Bh4 O-O 11. Nc3 Nb4 12. Rfe1 Nh5 13. Bxe7 Nf4 14. Bxd8 Nxe2+
15. Bxe2 Rfxd8 16. Rac1 f5 17. exf5 exf5 18. a3 Nc6 19. Bd3 Rf8 20. Bb5 a6 21.
Bxc6 dxc6 22. Na4 c5 23. dxc5 bxc5 24. Rxc5 Bxf3 25. gxf3 Rab8 26. Rc7 Rf6 27.
Kh1 f4 28. Rg1 g5 29. Rgc1 Rb3 30. R1c3 Rb5 31. R7c5 Rb8 32. Rc8+ Rxc8 33.
Rxc8+ Kg7 34. Rc7+ 1-0

[Event "DVM U16 2017"]
[Site "Walldorf GER"]
[Date "2017.12.30"]
[Round "7"]
[White "Yaroshenko, Yaroslav"]
[Black "Reindl, Knut"]
[Result "0-1"]
[Termination "normal"]
[Board "10.1"]
[WhiteElo "1655"]
[BlackElo "1814"]
[WhiteTeam "SK Gräfelfing"]
[BlackTeam "SG Schwäbisch Gmünd"]
[PlyCount "68"]
[WhiteFideId "16204905"]
[BlackFideId "12946753"]
[EventCountry "GER"]
[EventRounds "7"]
[EventType "team-swiss"]
[EventDate "2017.12.26"]

1. e4 c5 2. d4 cxd4 3. c3 Nf6 4. e5 Nd5 5. Nf3 d6 6. Bc4 e6 7. Bxd5 exd5 8.
cxd4 Nc6 9. O-O Be7 10. Bf4 O-O 11. Nc3 Be6 12. Nb5 dxe5 13. dxe5 Qd7 14. Nbd4
Nxd4 15. Nxd4 Rac8 16. Bg3 Bc5 17. Kh1 Bxd4 18. Qxd4 a6 19. b3 Rc2 20. Rfc1
Rfc8 21. Bf4 Qb5 22. Qd1 R2c6 23. Kg1 Qb4 24. Rxc6 Rxc6 25. Bd2 Qe4 26. Qe1 Qg6
27. Kh1 h6 28. Bc3 Qc2 29. Bd2 Qb2 30. Kg1 Rc2 31. Bf4 Bg4 32. h3 Bf5 33. g4
Be4 34. Qb1 Qc3 0-1

[Event "DVM U16 2017"]
[Site "Walldorf GER"]
[Date "2017.12.30"]
[Round "7"]
[White "Lang, Thomas"]
[Black "Khamenya, Vitalia"]
[Result "1/2-1/2"]
[Termination "normal"]
[Board "10.2"]
[WhiteElo "1749"]
[BlackElo "1881"]
[WhiteTeam "SG Schwäbisch Gmünd"]
[BlackTeam "SK Gräfelfing"]
[PlyCount "40"]
[WhiteFideId "12982520"]
[BlackFideId "12959260"]
[EventCountry "GER"]
[EventRounds "7"]
[EventType "team-swiss"]
[EventDate "2017.12.26"]

1. e4 d5 2. exd5 Qxd5 3. Nc3 Qd6 4. Nf3 Bg4 5. h3 Bh5 6. Be2 Nf6 7. O-O e6 8.
d3 c6 9. Nd2 Bxe2 10. Qxe2 Nbd7 11. Nde4 Qc7 12. Re1 Be7 13. Ng5 O-O 14. Bd2 h6
15. Nge4 Rfe8 16. Be3 Nd5 17. Qd2 Nxe3 18. fxe3 Rad8 19. Qf2 Nb6 20. Nd2 Nd5
1/2-1/2

[Event "DVM U16 2017"]
[Site "Walldorf GER"]
[Date "2017.12.30"]
[Round "7"]
[White "Zieringer, Sebastian"]
[Black "Reindl, Jork"]
[Result "1/2-1/2"]
[Termination "normal"]
[Board "10.3"]
[WhiteElo "1796"]
[BlackElo "1648"]
[WhiteTeam "SK Gräfelfing"]
[BlackTeam "SG Schwäbisch Gmünd"]
[PlyCount "107"]
[WhiteFideId "16222008"]
[BlackFideId "16200152"]
[EventCountry "GER"]
[EventRounds "7"]
[EventType "team-swiss"]
[EventDate "2017.12.26"]

1. e4 e6 2. d4 d5 3. Nc3 Bb4 4. Nge2 dxe4 5. a3 Bxc3+ 6. Nxc3 f5 7. f3 exf3 8.
Qxf3 Nf6 9. Bf4 c6 10. O-O-O Nd5 11. Nxd5 cxd5 12. Qh5+ g6 13. Qh6 Qe7 14. Be5
Rg8 15. h4 Nc6 16. Bb5 Bd7 17. Bxc6 bxc6 18. Rdg1 Rc8 19. g4 fxg4 20. b4 a5 21.
c3 axb4 22. axb4 Ra8 23. Kb2 Rf8 24. Rf1 Rf5 25. h5 Qf7 26. hxg6 Rf2+ 27. Kb3
Qf5 28. Rxf2 Qxf2 29. Rh2 Qf1 30. Qf4 Qc4+ 31. Kc2 Ra2+ 32. Kd1 Qd3+ 33. Kc1
Qxc3+ 34. Kd1 Qb3+ 35. Kc1 Ra1+ 36. Kd2 Qxb4+ 37. Ke3 Ra3+ 38. Ke2 Ra2+ 39. Kd1
Qb1+ 40. Qc1 Qxc1+ 41. Kxc1 Rxh2 42. Bxh2 hxg6 43. Kd2 Ke7 44. Be5 c5 45. dxc5
Bc6 46. Ke3 g5 47. Kf2 Kf7 48. Kg3 Kg6 49. Kxg4 Kf7 50. Kxg5 Ke7 51. Kg6 Kd7
52. Kf6 Bb7 53. Bd4 Ba6 54. c6+ 1/2-1/2